[Event "Junior Online 4NCL Division 3"]
[Site "online"]
[Date "2022.02.03"]
[EventDate "2022.02.03"]
[Round "2.21"]
[White "Bedi, Adarsh"]
[WhiteElo "1349"]
[WhiteTeam "Wanstead Warriors B"]
[Black "Bedretdinov, Rasul"]
[BlackElo "1202"]
[BlackTeam "Tetherdown Bishops"]
[Result "0-1"]
[PlyCount "74"]

1. e4 e5 2. Nf3 Nc6 3. Bc4 Nf6 4. Ng5 d5 5. exd5 Na5 6. Bd3 h6 7. Ne4 Nxd5 8. Nbc3 Nxc3 9. Nxc3 Bd6 10. Bc4 Nxc4 11. b3 Nb6 12. d3 O-O 13. Qf3 Nd7 14. Nd5 c6 15. Ne3 Nf6 16. h3 Bb4+ 17. Kd1 e4 18. Qe2 exd3 19. Qxd3 Qxd3+ 20. cxd3 Be6 21. Bb2 Rfd8 22. Ke2 Nh5 23. a3 Bc5 24. b4 Bb6 25. g4 Nf4+ 26. Kf3 Nxd3 27. Bc3 Bd5+ 28. Nxd5 Rxd5 29. Rad1 Ne5+ 30. Bxe5 Rxe5 31. Kg3 Bc7 32. f4 Re3+ 33. Kf2 Rxa3 34. Rd7 Bxf4 35. Rxb7 Rd8 36. Rf1 Rd2+ 37. Ke1 Ra1# 0-1

[Event "Junior Online 4NCL Division 3"]
[Site "online"]
[Date "2022.02.03"]
[EventDate "2022.02.03"]
[Round "2.22"]
[White "Kirk, Alex"]
[WhiteElo "1131"]
[WhiteTeam "Tetherdown Bishops"]
[Black "Mukherjee, Aradhya"]
[BlackElo "1337"]
[BlackTeam "Wanstead Warriors B"]
[Result "0-1"]
[PlyCount "36"]

1. e4 d6 2. Nf3 Nf6 3. Nc3 g6 4. Bc4 Bg7 5. d4 O-O 6. O-O e5 7. Bg5 Nc6 8. Nd5 h6 9. Bh4 g5 10. Bg3 Nxe4 11. dxe5 Nxg3 12. hxg3 Nxe5 13. Bb3 Bg4 14. Re1 Bxf3 15. gxf3 Qd7 16. c3 Qh3 17. Ne7+ Kh8 18. Qd2 Nxf3# 0-1

[Event "Junior Online 4NCL Division 3"]
[Site "online"]
[Date "2022.02.03"]
[EventDate "2022.02.03"]
[Round "2.23"]
[White "Wong, Joseph"]
[WhiteElo "1299"]
[WhiteTeam "Wanstead Warriors B"]
[Black "Murphy, Sam"]
[BlackElo "1154"]
[BlackTeam "Tetherdown Bishops"]
[Result "0-1"]
[PlyCount "140"]

1. e4 e5 2. Nf3 Nc6 3. d4 exd4 4. Nxd4 Nf6 5. Nc3 Bb4 6. Nxc6 Bxc3+ 7. bxc3 bxc6 8. Qe2 d6 9. Bg5 O-O 10. Qf3 h6 11. Bxf6 Qxf6 12. Qxf6 gxf6 13. Bd3 Kg7 14. O-O Rb8 15. f3 Be6 16. g4 Rh8 17. h4 h5 18. gxh5 Rxh5 19. Rf2 Rxh4 20. Rg2+ Kf8 21. Rf1 Rh7 22. f4 Rg7 23. Rxg7 Kxg7 24. f5 Bd7 25. Rf2 Rb2 26. Rg2+ Kf8 27. Rh2 Rb1+ 28. Kf2 Ke7 29. Ke3 Ra1 30. Bc4 Re1+ 31. Kf3 Rd1 32. Rh7 d5 33. exd5 cxd5 34. Be2 Ra1 35. c4 Bc6 36. cxd5 Bxd5+ 37. Kf2 Rxa2 38. c4 Bxc4 39. Kf3 Bxe2+ 40. Kg3 Bd3 41. Rh4 Ra3 42. Kf2 Bxf5 43. Rf4 Be6 44. Ke2 Ra2+ 45. Kd3 Ra3+ 46. Kc2 Ra2+ 47. Kb1 Rd2 48. Kc1 Rd8 49. Ra4 f5 50. Rxa7 Rd7 51. Ra4 c5 52. Rh4 Rd4 53. Rh2 f4 54. Kc2 Bd5 55. Kc3 f3 56. Kc2 Ke6 57. Rh6+ Ke5 58. Rh5+ Ke4 59. Rh4+ Ke3 60. Rxd4 cxd4 61. Kd1 f2 62. Kc2 f1=Q 63. Kb2 Qe2+ 64. Ka3 Qd3+ 65. Kb4 Qc4+ 66. Ka3 Qc3+ 67. Ka4 Qb3+ 68. Ka5 Ke4 69. Ka6 Qb4 70. Ka7 Qb7# 0-1

[Event "Junior Online 4NCL Division 3"]
[Site "online"]
[Date "2022.02.03"]
[EventDate "2022.02.03"]
[Round "2.24"]
[White "Thorburn, Rory"]
[WhiteElo "1109"]
[WhiteTeam "Tetherdown Bishops"]
[Black "Ta, Duc"]
[BlackElo "1215"]
[BlackTeam "Wanstead Warriors B"]
[Result "0-1"]
[PlyCount "102"]

1. e4 c6 2. Nc3 d5 3. exd5 cxd5 4. d3 Nc6 5. Nf3 e5 6. d4 e4 7. Ng1 Nf6 8. Bb5 Qb6 9. Bxc6+ Qxc6 10. f3 Bf5 11. fxe4 Nxe4 12. Nxe4 Bxe4 13. Nf3 Bxc2 14. Qe2+ Be4 15. Ne5 Qb6 16. Qf2 Bb4+ 17. Bd2 Bxd2+ 18. Qxd2 Qb5 19. O-O-O Rc8+ 20. Qc3 Rxc3+ 21. bxc3 Qb1+ 22. Kd2 Qc2+ 23. Ke1 Qxc3+ 24. Ke2 Qc2+ 25. Ke3 Qxa2 26. Ra1 Qxg2 27. Rhf1 a6 28. Rac1 Qg5+ 29. Ke2 Qh5+ 30. Ke3 O-O 31. Rc3 Qh3+ 32. Kd2 Qxf1 33. Nd7 Rd8 34. h4 Qf4+ 35. Ke2 Qxh4 36. Kd2 Qg4 37. Ne5 Qg2+ 38. Ke3 Bf5 39. Kf4 Qe4+ 40. Kg3 Qe1+ 41. Kf3 Qxc3+ 42. Kf4 Qxd4+ 43. Kxf5 g6+ 44. Kf6 Qf4+ 45. Ke7 Qxe5+ 46. Kxd8 d4 47. Kc8 d3 48. Kxb7 d2 49. Kxa6 d1=R 50. Ka7 Qb5 51. Ka8 Ra1# 0-1

[Event "Junior Online 4NCL Division 3"]
[Site "online"]
[Date "2022.02.03"]
[EventDate "2022.02.03"]
[Round "2.25"]
[White "Bedretdinov, Rasul"]
[WhiteElo "1202"]
[WhiteTeam "Tetherdown Bishops"]
[Black "Bedi, Adarsh"]
[BlackElo "1349"]
[BlackTeam "Wanstead Warriors B"]
[Result "1-0"]
[PlyCount "59"]

1. e4 e5 2. Nf3 Nf6 3. Nc3 Nc6 4. Bc4 Nxe4 5. Nxe4 d5 6. Bxd5 Qxd5 7. Nc3 Qd8 8. O-O Bd6 9. d3 O-O 10. h3 Bf5 11. Ng5 h6 12. Nf3 Re8 13. Re1 Bb4 14. a3 Ba5 15. Bd2 f6 16. Ne4 Bxd2 17. Qxd2 Nd4 18. Ng3 Bg6 19. Nxd4 exd4 20. Rxe8+ Qxe8 21. Re1 Qc6 22. Qb4 Qxc2 23. Qxb7 Re8 24. Rxe8+ Bxe8 25. Qd5+ Kh7 26. Qxd4 Bg6 27. Qxa7 Bxd3 28. Nh5 Qc1+ 29. Kh2 Qf4+ 30. Nxf4 1-0

[Event "Junior Online 4NCL Division 3"]
[Site "online"]
[Date "2022.02.03"]
[EventDate "2022.02.03"]
[Round "2.26"]
[White "Mukherjee, Aradhya"]
[WhiteElo "1337"]
[WhiteTeam "Wanstead Warriors B"]
[Black "Kirk, Alex"]
[BlackElo "1131"]
[BlackTeam "Tetherdown Bishops"]
[Result "1-0"]
[PlyCount "121"]

1. e4 e5 2. d4 exd4 3. c3 dxc3 4. Bc4 cxb2 5. Bxb2 Nf6 6. e5 Ne4 7. Nf3 Nc6 8. O-O d6 9. Bxf7+ Kxf7 10. Qd5+ Ke8 11. Qxe4 dxe5 12. Nxe5 Qe7 13. Na3 g6 14. Nxc6 Qxe4 15. Rfe1 Qxe1+ 16. Rxe1+ Kf7 17. Nd8+ Kg8 18. Re8 h6 19. Bxh8 Kxh8 20. Rxf8+ Kg7 21. Rf7+ Kg8 22. Rxc7 Bf5 23. Nxb7 Rb8 24. h3 Be4 25. Nd6 Bd3 26. Rc8+ Rxc8 27. Nxc8 a5 28. Nb6 Kf7 29. Nbc4 Bxc4 30. Nxc4 a4 31. Kf1 Ke6 32. Ke2 Kd5 33. Nb6+ Kc5 34. Nxa4+ Kb4 35. Nb2 Ka3 36. Nc4+ Kxa2 37. Ne5 g5 38. Nf7 h5 39. Nxg5 Kb3 40. g4 hxg4 41. hxg4 Kc4 42. Ke3 Kd5 43. Kf4 Kd6 44. Kf5 Ke7 45. f4 Kf8 46. Kg6 Ke7 47. f5 Kf8 48. f6 Kg8 49. f7+ Kf8 50. Nh7+ Ke7 51. f8=Q+ Kd7 52. g5 Kc6 53. Kh6 Kd7 54. g6 Ke6 55. g7 Ke5 56. g8=Q Kd4 57. Qg4+ Ke5 58. Qff5+ Kd6 59. Qgg6+ Ke7 60. Qff7+ Kd8 61. Qgg8# 1-0

[Event "Junior Online 4NCL Division 3"]
[Site "online"]
[Date "2022.02.03"]
[EventDate "2022.02.03"]
[Round "2.27"]
[White "Murphy, Sam"]
[WhiteElo "1154"]
[WhiteTeam "Tetherdown Bishops"]
[Black "Wong, Joseph"]
[BlackElo "1299"]
[BlackTeam "Wanstead Warriors B"]
[Result "0-1"]
[PlyCount "24"]

1. d4 d5 2. c4 Nf6 3. Nc3 Be6 4. Bg5 Ne4 5. Nxe4 dxe4 6. d5 Bf5 7. Bf4 e6 8. Qa4+ c6 9. dxc6 Nxc6 10. e3 Bb4+ 11. Ke2 Bg4+ 12. f3 Qd2# 0-1

[Event "Junior Online 4NCL Division 3"]
[Site "online"]
[Date "2022.02.03"]
[EventDate "2022.02.03"]
[Round "2.28"]
[White "Ta, Duc"]
[WhiteElo "1215"]
[WhiteTeam "Wanstead Warriors B"]
[Black "Thorburn, Rory"]
[BlackElo "1109"]
[BlackTeam "Tetherdown Bishops"]
[Result "1-0"]
[PlyCount "107"]

1. d4 d5 2. c4 dxc4 3. e3 Be6 4. Nc3 Nc6 5. d5 Bg4 6. Qxg4 Nb4 7. Qd1 e6 8. Bxc4 exd5 9. Nxd5 Nxd5 10. Qxd5 Bb4+ 11. Bd2 Bxd2+ 12. Qxd2 Qxd2+ 13. Kxd2 O-O-O+ 14. Ke2 Nh6 15. Rd1 Rxd1 16. Kxd1 Rd8+ 17. Ke2 f6 18. Nf3 Nf7 19. Bxf7 g5 20. Rd1 g4 21. Rxd8+ Kxd8 22. Nh4 Ke7 23. Bh5 f5 24. Nxf5+ Kf6 25. Ng3 Kg5 26. Bf7 Kf6 27. Bd5 Ke5 28. Bxb7 c5 29. Ba6 c4 30. Bxc4 Kf6 31. Kd3 a5 32. a4 Kg5 33. Kc3 h5 34. Nxh5 Kxh5 35. g3 Kg5 36. b4 axb4+ 37. Kxb4 Kf6 38. a5 Ke7 39. a6 Kd6 40. a7 Ke5 41. a8=Q Kf6 42. Qc6+ Kg5 43. Qe4 Kh6 44. Qxg4 Kh7 45. Bg8+ Kh8 46. Qh5+ Kxg8 47. Qf5 Kg7 48. Kc5 Kh6 49. Qg4 Kh7 50. Qg5 Kh8 51. Kd6 Kh7 52. Ke7 Kh8 53. Kf7 Kh7 54. Qh5# 1-0

[Event "Junior Online 4NCL Division 3"]
[Site "online"]
[Date "2022.02.03"]
[EventDate "2022.02.03"]
[Round "2.31"]
[White "Matveev, Grigory"]
[WhiteElo "1227"]
[WhiteTeam "Desert Penguins Unicorn"]
[Black "McInally, Aiden"]
[BlackElo "1057"]
[BlackTeam "Lenzie Dementors"]
[Result "0-1"]
[PlyCount "112"]

1. d4 b6 2. c4 Bb7 3. Nc3 e6 4. Nf3 Bb4 5. Bd2 Nf6 6. e3 h6 7. Bd3 O-O 8. O-O d6 9. a3 Bxc3 10. Bxc3 Nbd7 11. Rc1 Ne4 12. Be1 f5 13. Nd2 Nxd2 14. Bxd2 Qg5 15. f3 Qg6 16. Qe2 Nf6 17. c5 dxc5 18. dxc5 c6 19. Bb4 a5 20. Bc3 b5 21. b4 a4 22. e4 fxe4 23. Bxe4 Nxe4 24. fxe4 Rae8 25. Rcd1 Rxf1+ 26. Rxf1 Rd8 27. Qb2 Bc8 28. Rf3 Qxe4 29. Bxg7 Rd1+ 30. Rf1 Qe3+ 31. Qf2 Rxf1+ 32. Kxf1 Qxf2+ 33. Kxf2 Kxg7 34. Ke3 Kf6 35. Kd4 e5+ 36. Ke4 Bf5+ 37. Ke3 h5 38. h3 Ke6 39. Kf3 Kd5 40. g4 hxg4+ 41. hxg4 Bxg4+ 42. Kxg4 Kd4 43. Kf5 e4 44. Kf4 Kd3 45. Kg3 Kd2 46. Kf4 e3 47. Ke5 e2 48. Kd6 e1=Q 49. Kxc6 Qe8+ 50. Kb6 Qb8+ 51. Kc6 Kc3 52. Kd7 Qb7+ 53. Kd6 Qc8 54. c6 Kb3 55. c7 Kxa3 56. Kc6 Kxb4 0-1

[Event "Junior Online 4NCL Division 3"]
[Site "online"]
[Date "2022.02.03"]
[EventDate "2022.02.03"]
[Round "2.32"]
[White "Bhatia, Kanishka"]
[WhiteElo "1140"]
[WhiteTeam "Lenzie Dementors"]
[Black "Brandreth-Stroud, Cassian"]
[BlackElo "1165"]
[BlackTeam "Desert Penguins Unicorn"]
[Result "1-0"]
[PlyCount "67"]

1. e4 c5 2. Nf3 d6 3. d4 cxd4 4. Nxd4 g6 5. Nc3 Bg7 6. Be3 Nc6 7. Bb5 Bd7 8. Qd3 Qb6 9. Nxc6 Qc7 10. Nxa7 Qa5 11. Bxd7+ Kxd7 12. O-O Bxc3 13. bxc3 Nf6 14. Rab1 Ng4 15. Rxb7+ Ke8 16. Bb6 Qe5 17. f4 Qh5 18. h3 Nf6 19. Nc6 g5 20. fxg5 h6 21. gxf6 Ra6 22. Rxe7+ Kf8 23. Qxd6 Ra8 24. Nb8 Kg8 25. Rf3 Kh7 26. Qc7 Rf8 27. Nd7 Kg8 28. Rg3+ Kh8 29. Nxf8 Rxf8 30. Rg7 Qd1+ 31. Kh2 Qc1 32. Rexf7 Rxf7 33. Qd8+ Rf8 34. Qxf8# 1-0

[Event "Junior Online 4NCL Division 3"]
[Site "online"]
[Date "2022.02.03"]
[EventDate "2022.02.03"]
[Round "2.33"]
[White "Tengayev, Temir"]
[WhiteElo "969"]
[WhiteTeam "Desert Penguins Unicorn"]
[Black "Lukhi, Neev"]
[BlackElo "1003"]
[BlackTeam "Lenzie Dementors"]
[Result "0-1"]
[PlyCount "66"]

1. d4 Nf6 2. c4 g6 3. Nc3 Bg7 4. Bg5 e6 5. Nf3 O-O 6. e3 d5 7. a3 c6 8. cxd5 cxd5 9. Bd3 Qb6 10. Na4 Qa5+ 11. Qd2 Qxa4 12. Qb4 Qxb4+ 13. axb4 Nc6 14. Bxf6 Bxf6 15. b5 Nb4 16. Ra3 Bd7 17. Rb3 Nxd3+ 18. Ke2 Nxf2 19. Kxf2 Rac8 20. Ne5 Bxe5 21. dxe5 Rc2+ 22. Kf3 Rfc8 23. b6 a6 24. g3 d4 25. exd4 Bc6+ 26. d5 Bxd5+ 27. Ke3 Bxb3 28. Rd1 R2c3+ 29. Kd2 Bxd1 30. Kxd1 Rc2 31. Ke1 Rxh2 32. Kd1 Rcc2 33. Ke1 Rc1# 0-1

[Event "Junior Online 4NCL Division 3"]
[Site "online"]
[Date "2022.02.03"]
[EventDate "2022.02.03"]
[Round "2.35"]
[White "McInally, Aiden"]
[WhiteElo "1057"]
[WhiteTeam "Lenzie Dementors"]
[Black "Matveev, Grigory"]
[BlackElo "1227"]
[BlackTeam "Desert Penguins Unicorn"]
[Result "1-0"]
[PlyCount "73"]

1. e4 c5 2. Nc3 Nf6 3. g3 d6 4. Bg2 Nc6 5. Nge2 e6 6. O-O Be7 7. d4 cxd4 8. Nxd4 Nxd4 9. Qxd4 O-O 10. h3 Bd7 11. Kh2 Bc6 12. f4 b6 13. Be3 Rc8 14. Rad1 Qc7 15. Kh1 Rfd8 16. Qd2 Qb7 17. Qd3 d5 18. exd5 Nxd5 19. Nxd5 Bxd5 20. Bxd5 Rxd5 21. Qe4 Rxc2 22. Rxd5 Qxd5 23. Qxd5 exd5 24. Bd4 f5 25. Rd1 Kf7 26. Bc3 Ke6 27. Bxg7 Bf6 28. Bxf6 Kxf6 29. Rxd5 Rxb2 30. a4 Rb3 31. Kg2 Rb4 32. a5 h5 33. h4 Ra4 34. axb6 axb6 35. Rd6+ Ke7 36. Rxb6 Kf7 37. Rh6 1-0

[Event "Junior Online 4NCL Division 3"]
[Site "online"]
[Date "2022.02.03"]
[EventDate "2022.02.03"]
[Round "2.36"]
[White "Brandreth-Stroud, Cassian"]
[WhiteElo "1165"]
[WhiteTeam "Desert Penguins Unicorn"]
[Black "Bhatia, Kanishka"]
[BlackElo "1140"]
[BlackTeam "Lenzie Dementors"]
[Result "0-1"]
[PlyCount "74"]

1. e4 e5 2. Nf3 Nf6 3. Nxe5 Nc6 4. Nxc6 dxc6 5. d3 Bc5 6. Be2 h5 7. Be3 Bxe3 8. fxe3 Ng4 9. O-O Qh4 10. h3 Nxe3 11. Qe1 Qxe1 12. Rxe1 Nxc2 13. Nc3 Nxa1 14. Rxa1 Be6 15. g4 hxg4 16. hxg4 Rh4 17. Kf2 Bxg4 18. Rg1 Bxe2 19. Rxg7 Rg4 20. Rh7 O-O-O 21. Kxe2 Rg2+ 22. Kd1 Rxd3+ 23. Kc1 Rf3 24. Rh8+ Kd7 25. Rh7 Rf1+ 26. Nd1 Rgg1 27. Rg7 Rxg7 28. e5 Rxd1+ 29. Kxd1 Ke6 30. Kc2 Kxe5 31. Kb3 f5 32. Ka4 f4 33. b4 f3 34. a3 f2 35. Ka5 f1=Q 36. Ka4 Rg3 37. Ka5 Qb5# 0-1

[Event "Junior Online 4NCL Division 3"]
[Site "online"]
[Date "2022.02.03"]
[EventDate "2022.02.03"]
[Round "2.37"]
[White "Lukhi, Neev"]
[WhiteElo "1003"]
[WhiteTeam "Lenzie Dementors"]
[Black "Tengayev, Temir"]
[BlackElo "969"]
[BlackTeam "Desert Penguins Unicorn"]
[Result "1-0"]
[PlyCount "41"]

1. d4 Nf6 2. Bf4 g6 3. Nc3 Bg7 4. e4 Nc6 5. Nf3 d6 6. h3 Be6 7. d5 Nxe4 8. Nxe4 Bxb2 9. Rb1 Be5 10. Bxe5 dxe5 11. dxc6 Qxd1+ 12. Rxd1 bxc6 13. Nxe5 Bxa2 14. Nxc6 f5 15. Nc3 Be6 16. Nb5 Bd7 17. Nxc7+ Kf7 18. Rxd7 Rac8 19. Bc4+ Kf8 20. Ne6+ Ke8 21. Rxe7# 1-0

[Event "Junior Online 4NCL Division 3"]
[Site "online"]
[Date "2022.02.03"]
[EventDate "2022.02.03"]
[Round "2.41"]
[White "Man, Felix"]
[WhiteElo "1319"]
[WhiteTeam "Muswell Hill Primary"]
[Black "Bagga, Khushi"]
[BlackElo "1071"]
[BlackTeam "Young Dragons C"]
[Result "0-1"]
[PlyCount "126"]

1. e4 e5 2. Nf3 Nc6 3. Bc4 Bc5 4. Nc3 Nf6 5. d3 h6 6. Be3 Bxe3 7. fxe3 O-O 8. Qd2 a6 9. a4 d6 10. h3 Na5 11. Bb3 Nxb3 12. cxb3 Re8 13. g4 Nh7 14. Rg1 Be6 15. Qc2 d5 16. Nxe5 d4 17. exd4 Qxd4 18. Nf3 Qf6 19. Rf1 Ng5 20. Nxg5 Qxg5 21. Qd2 Qa5 22. h4 Bxb3 23. Qf4 Qb6 24. Qxf7+ Bxf7 25. O-O-O a5 26. g5 h5 27. Rf5 g6 28. Rf6 Qe3+ 29. Kb1 Rf8 30. Kc2 Be8 31. Nd5 Qc5+ 32. Kb1 Rxf6 33. Nxf6+ Kf7 34. Rc1 Qb6 35. Rf1 Ke6 36. Nd5 Qd6 37. Rf6+ Ke5 38. Rxd6 cxd6 39. Kc2 Bxa4+ 40. b3 Bc6 41. Nf6 Rf8 42. Kc3 Rxf6 43. gxf6 Kxf6 44. Kd4 b5 45. Kc3 Ke5 46. Kd2 Kf4 47. Kd1 Kg4 48. Ke2 Kxh4 49. Kf2 Kg4 50. Kg2 a4 51. bxa4 bxa4 52. Kf2 h4 53. Kf1 Kg3 54. Ke2 a3 55. Kd1 h3 56. Kc1 h2 57. Kb1 h1=Q+ 58. Ka2 Qc1 59. Kb3 Qb2+ 60. Kc4 a2 61. e5 a1=Q 62. exd6 Qa4+ 63. Kc5 Qbb5# 0-1

[Event "Junior Online 4NCL Division 3"]
[Site "online"]
[Date "2022.02.03"]
[EventDate "2022.02.03"]
[Round "2.42"]
[White "Kong, Emma"]
[WhiteElo "1044"]
[WhiteTeam "Young Dragons C"]
[Black "Michener, Max"]
[BlackElo "1365"]
[BlackTeam "Muswell Hill Primary"]
[Result "1/2-1/2"]
[PlyCount "108"]

1. d4 f5 2. c4 e6 3. Nf3 Nf6 4. Bg5 h6 5. Bh4 g5 6. Bg3 f4 7. Bxf4 gxf4 8. a3 c5 9. e3 cxd4 10. exd4 Qa5+ 11. Nc3 Ne4 12. Rc1 Bxa3 13. bxa3 Nxc3 14. Qd2 Qxa3 15. Qxc3 Qxc3+ 16. Rxc3 Nc6 17. Bd3 d6 18. O-O Bd7 19. Rb3 O-O-O 20. Rc1 e5 21. d5 Ne7 22. c5 Nxd5 23. cxd6+ Bc6 24. Nxe5 Rhg8 25. Bf5+ Kb8 26. Nxc6+ Ka8 27. Nxd8 Rxd8 28. Be4 Nb6 29. Rd1 Nc4 30. Bxb7+ Kb8 31. Ba6+ Nb6 32. g3 Rg8 33. d7 Rd8 34. Rf3 fxg3 35. hxg3 Kc7 36. Rf8 Rxf8 37. d8=Q+ Rxd8 38. Rxd8 Kxd8 39. Bd3 a5 40. Bb5 a4 41. Bd3 a3 42. Bb1 Na4 43. Ba2 Kc7 44. Kg2 Kd6 45. Kh3 Nc3 46. Bb3 Ke5 47. Kh4 Kf6 48. Kh5 Kg7 49. f4 a2 50. Bxa2 Nxa2 51. g4 Nc3 52. g5 hxg5 53. fxg5 Ne4 54. Kg4 Nxg5 1/2-1/2

[Event "Junior Online 4NCL Division 3"]
[Site "online"]
[Date "2022.02.03"]
[EventDate "2022.02.03"]
[Round "2.43"]
[White "Bagshaw, Freddie"]
[WhiteElo "1105"]
[WhiteTeam "Muswell Hill Primary"]
[Black "Hoccom, Sebastian"]
[BlackElo "1040"]
[BlackTeam "Young Dragons C"]
[Result "0-1"]
[PlyCount "50"]

1. e4 e5 2. Nf3 Nc6 3. Bc4 h6 4. O-O Nf6 5. Nc3 Bc5 6. a3 O-O 7. h3 Nd4 8. b4 Nxf3+ 9. Qxf3 Bd4 10. Rb1 c6 11. d3 Bxc3 12. Qg3 b5 13. Bxh6 Nh5 14. Qg4 g6 15. Bxf8 Qxf8 16. Bb3 d5 17. exd5 Bxg4 18. dxc6 Bxh3 19. gxh3 Nf4 20. a4 Qh6 21. axb5 Qxh3 22. Bd5 Nxd5 23. f3 Bd4+ 24. Rf2 Nf4 25. c7 Qg2# 0-1

[Event "Junior Online 4NCL Division 3"]
[Site "online"]
[Date "2022.02.03"]
[EventDate "2022.02.03"]
[Round "2.44"]
[White "Swartz, Edward RG"]
[WhiteElo "1013"]
[WhiteTeam "Young Dragons C"]
[Black "Capel, Yiannis"]
[BlackElo "813"]
[BlackTeam "Muswell Hill Primary"]
[Result "1-0"]
[PlyCount "51"]

1. e4 e6 2. Nc3 d5 3. exd5 exd5 4. d4 Bd6 5. Nf3 Nf6 6. Be2 Nc6 7. Bg5 h6 8. Bxf6 Qxf6 9. Nxd5 Qe6 10. c4 Qd7 11. O-O b6 12. Re1 Bb7 13. c5 bxc5 14. dxc5 Bxc5 15. Bb5+ Kf8 16. Ne5 Qd6 17. Nxc6 Bxc6 18. Bxc6 Qxc6 19. Rc1 Qb5 20. Nxc7 Qxb2 21. Rxc5 Rc8 22. Ne6+ Ke7 23. Nxg7+ Kf6 24. Nh5+ Kg6 25. Qd3+ f5 26. Qxf5# 1-0

[Event "Junior Online 4NCL Division 3"]
[Site "online"]
[Date "2022.02.03"]
[EventDate "2022.02.03"]
[Round "2.45"]
[White "Bagga, Khushi"]
[WhiteElo "1071"]
[WhiteTeam "Young Dragons C"]
[Black "Man, Felix"]
[BlackElo "1319"]
[BlackTeam "Muswell Hill Primary"]
[Result "1-0"]
[PlyCount "45"]

1. e4 e5 2. Nf3 Nc6 3. Nc3 Bc5 4. Nxe5 Nxe5 5. d4 Bd6 6. dxe5 Bxe5 7. f4 Bxc3+ 8. bxc3 b6 9. Be3 Bb7 10. Bd3 d5 11. e5 f6 12. Qh5+ g6 13. Bxg6+ Kf8 14. Bd3 fxe5 15. fxe5 Qe8 16. O-O+ Ke7 17. Qg5+ Kd7 18. Bf5+ Kc6 19. Qg7 Ne7 20. Qf6+ Kb5 21. Bd3+ Ka5 22. Qf4 Rf8 23. Qb4# 1-0

[Event "Junior Online 4NCL Division 3"]
[Site "online"]
[Date "2022.02.03"]
[EventDate "2022.02.03"]
[Round "2.46"]
[White "Michener, Max"]
[WhiteElo "1365"]
[WhiteTeam "Muswell Hill Primary"]
[Black "Kong, Emma"]
[BlackElo "1044"]
[BlackTeam "Young Dragons C"]
[Result "1-0"]
[PlyCount "53"]

1. e4 e5 2. Nc3 Nf6 3. f4 exf4 4. e5 Ng8 5. Nf3 Nc6 6. d4 f6 7. Nh4 Bb4 8. Qh5+ g6 9. Nxg6 hxg6 10. Qxh8 Kf8 11. Bc4 d5 12. exd6 Qe8+ 13. Kf2 Be6 14. Re1 Nxd4 15. Bxf4 Qf7 16. Bh6+ Ke8 17. Bxe6 Nxe6 18. Rxe6+ Kd8 19. Rae1 Bc5+ 20. Kf1 Bxd6 21. Re8+ Kd7 22. Rxa8 Qc4+ 23. Kg1 Bc5+ 24. Kh1 Nxh6 25. Qc8+ Kc6 26. Re6+ Bd6 27. Qe8+ 1-0

[Event "Junior Online 4NCL Division 3"]
[Site "online"]
[Date "2022.02.03"]
[EventDate "2022.02.03"]
[Round "2.47"]
[White "Hoccom, Sebastian"]
[WhiteElo "1040"]
[WhiteTeam "Young Dragons C"]
[Black "Bagshaw, Freddie"]
[BlackElo "1105"]
[BlackTeam "Muswell Hill Primary"]
[Result "1-0"]
[PlyCount "51"]

1. e4 e5 2. Nf3 Nc6 3. Nc3 Nf6 4. d4 exd4 5. Nxd4 Nxd4 6. Qxd4 Bd6 7. e5 Bxe5 8. Qxe5+ Kf8 9. Bg5 h6 10. Bxf6 gxf6 11. Qc5+ Kg8 12. Bc4 Qe8+ 13. Ne2 b6 14. Qd5 a6 15. Qxa8 b5 16. Bd5 c6 17. Be4 f5 18. Bxf5 Kf8 19. Bg4 Qe4 20. Qxc8+ Kg7 21. Qxd7 Qxc2 22. O-O Qxb2 23. Nf4 Qe5 24. Nh5+ Kh7 25. Qxf7+ Qg7 26. Bf5# 1-0

[Event "Junior Online 4NCL Division 3"]
[Site "online"]
[Date "2022.02.03"]
[EventDate "2022.02.03"]
[Round "2.48"]
[White "Capel, Yiannis"]
[WhiteElo "813"]
[WhiteTeam "Muswell Hill Primary"]
[Black "Swartz, Edward RG"]
[BlackElo "1013"]
[BlackTeam "Young Dragons C"]
[Result "0-1"]
[PlyCount "78"]

1. d4 Nf6 2. c4 d5 3. cxd5 Nxd5 4. e4 Nb6 5. Nc3 e6 6. Bd3 c5 7. d5 exd5 8. exd5 Nxd5 9. Nxd5 Nc6 10. Be4 Be6 11. Bf4 Bd6 12. Bxd6 Qxd6 13. Nf3 O-O-O 14. h3 Bxd5 15. Bxd5 Rhe8+ 16. Kf1 Qxd5 17. Qxd5 Rxd5 18. Re1 Rxe1+ 19. Kxe1 Nd4 20. Nxd4 Rxd4 21. Ke2 Kd7 22. Rd1 Rxd1 23. Kxd1 Kd6 24. Kd2 Kd5 25. Kc3 b6 26. f4 Ke4 27. g3 Kf3 28. Kc4 Kxg3 29. Kb5 Kxf4 30. Ka6 f5 31. Kxa7 Kg3 32. Kxb6 f4 33. a4 f3 34. a5 f2 35. a6 f1=Q 36. a7 Qf8 37. Kb7 Qe7+ 38. Ka8 Qc7 39. b4 Qc8# 0-1

[Event "Junior Online 4NCL Division 3"]
[Site "online"]
[Date "2022.02.03"]
[EventDate "2022.02.03"]
[Round "2.51"]
[White "Quin, Wilder"]
[WhiteElo "1227"]
[WhiteTeam "Wanstead Warriors C"]
[Black "Munshi, Rayyan"]
[BlackElo "723"]
[BlackTeam "Manchester Junior D"]
[Result "1-0"]
[PlyCount "33"]

1. e4 e5 2. Nc3 Nf6 3. f4 Nc6 4. fxe5 Nxe5 5. d4 Neg4 6. e5 d6 7. exf6 gxf6 8. Nf3 Bf5 9. Bd3 Bxd3 10. Qxd3 c5 11. Qe4+ Kd7 12. Qxg4+ Kc7 13. O-O cxd4 14. Nxd4 d5 15. Bf4+ Kb6 16. Qe2 Bc5 17. Qb5# 1-0

[Event "Junior Online 4NCL Division 3"]
[Site "online"]
[Date "2022.02.03"]
[EventDate "2022.02.03"]
[Round "2.52"]
[White "Turner, Rufus"]
[WhiteElo "687"]
[WhiteTeam "Manchester Junior D"]
[Black "Qureshi, Zain"]
[BlackElo "1111"]
[BlackTeam "Wanstead Warriors C"]
[Result "0-1"]
[PlyCount "48"]

1. e4 e6 2. Bc4 d5 3. exd5 exd5 4. Bxd5 Qxd5 5. Nf3 Bg4 6. Nc3 Bxf3 7. gxf3 Qd8 8. d4 Bb4 9. Qd3 Ne7 10. Bd2 Nbc6 11. O-O-O O-O 12. Rhe1 Nd5 13. Nxd5 Bxd2+ 14. Rxd2 Qxd5 15. Kb1 Rfe8 16. Rde2 Rxe2 17. Qxe2 Kf8 18. Qe8+ Rxe8 19. Rd1 Nxd4 20. Rc1 Nxf3 21. Ka1 Qd2 22. Rb1 Qxc2 23. h4 Nd2 24. a4 Qxb1# 0-1

[Event "Junior Online 4NCL Division 3"]
[Site "online"]
[Date "2022.02.03"]
[EventDate "2022.02.03"]
[Round "2.53"]
[White "Chu, Ray"]
[WhiteElo "1050"]
[WhiteTeam "Wanstead Warriors C"]
[Black "Pilditch, Kento"]
[BlackElo "295"]
[BlackTeam "Manchester Junior D"]
[Result "0-1"]
[PlyCount "92"]

1. d4 d5 2. Nf3 Nf6 3. Bf4 Nc6 4. e3 e6 5. c4 Bb4+ 6. Nc3 O-O 7. Bd3 b6 8. a3 Bxc3+ 9. bxc3 Bb7 10. O-O Ne4 11. Qc2 Re8 12. Rab1 Qf6 13. c5 Rab8 14. Bxc7 Rbc8 15. Bf4 Qe7 16. cxb6 Qxa3 17. Rb3 Qa5 18. bxa7 Qxa7 19. Bxe4 dxe4 20. Qxe4 Na5 21. Rxb7 Qxb7 22. Qxb7 Nxb7 23. h3 Rxc3 24. g4 f5 25. gxf5 exf5 26. Kh2 h6 27. Rg1 g5 28. Nxg5 hxg5 29. Rxg5+ Kf8 30. Rxf5+ Ke7 31. Kg3 Rg8+ 32. Kh4 Nd6 33. Bg5+ Kd7 34. Rd5 Ke6 35. Re5+ Kf7 36. Re7+ Kf8 37. Rd7 Nf5+ 38. Kg4 Nh6+ 39. Kh5 Nf5 40. Rd8+ Kg7 41. Rxg8+ Kxg8 42. Kg4 Nd6 43. d5 Ne4 44. Kf3 Nxg5+ 45. Kf4 Nxh3+ 46. Kg4 Nxf2+ 0-1

[Event "Junior Online 4NCL Division 3"]
[Site "online"]
[Date "2022.02.03"]
[EventDate "2022.02.03"]
[Round "2.54"]
[White "Pilditch, Erika"]
[WhiteElo "355"]
[WhiteTeam "Manchester Junior D"]
[Black "Williams, Frank"]
[BlackElo "1017"]
[BlackTeam "Wanstead Warriors C"]
[Result "0-1"]
[PlyCount "68"]

1. e4 e5 2. f4 d6 3. fxe5 dxe5 4. Nf3 Nc6 5. c3 Nf6 6. d4 exd4 7. Nxd4 Bc5 8. Nxc6 Qxd1+ 9. Kxd1 bxc6 10. Bf4 Bd6 11. e5 Nd5 12. exd6 Nxf4 13. dxc7 O-O 14. Bc4 Nxg2 15. Rf1 Ne3+ 16. Kd2 Nxc4+ 17. Ke1 Re8+ 18. Kf2 Nxb2 19. Na3 Nd3+ 20. Kg1 Ba6 21. c4 Rac8 22. Rad1 Nc5 23. Rde1 Ne6 24. Nb5 cxb5 25. c5 Rxc7 26. Rc1 Rxc5 27. Rce1 b4 28. Rf3 h6 29. Ref1 Bxf1 30. Rxf1 Ng5 31. h4 Nh3+ 32. Kg2 Re3 33. Rh1 Rc2+ 34. Kf1 Rf2# 0-1